Historia del Ajedrez Dominicano (Record no. 7934)

MARC details
000 -LEADER
campo de control de longitud fija 00362nam a2200145Ia 4500
001 - NÚMERO DE CONTROL
campo de control 3890
008 - DATOS DE LONGITUD FIJA--INFORMACIÓN GENERAL
campo de control de longitud fija 241024s9999 xx 000 0 und d
020 ## - NÚMERO INTERNACIONAL ESTÁNDAR DEL LIBRO
Número Internacional Estándar del Libro 978-9945-8828-9-6
082 ## - NÚMERO DE LA CLASIFICACIÓN DECIMAL DEWEY
Número de clasificación RD/793/V297h
100 ## - ENTRADA PRINCIPAL--NOMBRE DE PERSONA
Nombre de persona Kennedy Vargas
245 #0 - MENCIÓN DEL TÍTULO
Título Historia del Ajedrez Dominicano
260 ## - PUBLICACIÓN, DISTRIBUCIÓN, ETC.
Nombre del editor, distribuidor, etc. Santo Domingo
Fecha de publicación, distribución, etc. 2013
901 ## - ELEMENTOS DE DATOS A LOCAL LDA (RLIN)
a 28/1/2015 10:22:13 a.m.

No items available.

© 2024. Todos los Derechos Reservados. Desarrollado por IDEICE